La dislexia en cuestión: dificultades y fracasos en el aprendizaje de la lengua escrita
Сохранить в:
| Формат: | |
|---|---|
| Язык: | испанский |
| Опубликовано: |
Madrid
Morata
1998
|
| Редактирование: | 3a. ed |
| Серии: | Pedagogía. Psicología Pedagógica
|
| Предметы: | |
| Метки: |
Добавить метку
Нет меток, Требуется 1-ая метка записи!
|
MARC
| LEADER | 00000nam a2200000 a 4500 | ||
|---|---|---|---|
| 001 | UCK2718 | ||
| 003 | CL-VaPUC | ||
| 008 | 050318e19980000SP |||||||||||||||||spa|d | ||
| 020 | |a 8471123061 | ||
| 082 | 0 | 4 | |a 371.914 |b DIS |2 21 |
| 245 | 1 | 3 | |a La dislexia en cuestión: dificultades y fracasos en el aprendizaje de la lengua escrita |
| 250 | |a 3a. ed | ||
| 300 | |a 198 p | ||
| 942 | |c BK | ||
| 945 | |d 20050318 00:00:00 |a cmena | ||
| 260 | |a Madrid |b Morata |c 1998 | ||
| 650 | 0 | |a Dislexia |9 307487 | |
| 650 | 0 | |a Trastornos del aprendizaje |9 307969 | |
| 650 | 0 | |a Enseñanza de la escritura |9 307377 | |
| 650 | 0 | |a Aprendizaje |9 254827 | |
| 650 | 0 | |a Educación especial |9 307486 | |
| 583 | |a last modification |c 20050318 00:00:00 |k Rodrigo Vera | ||
| 490 | 0 | |a Pedagogía. Psicología Pedagógica | |
| 999 | |c 312180 |d 312178 | ||
| 952 | |0 0 |1 0 |4 0 |6 371_914000000000000_DIS_1998 |7 0 |8 A |9 382087 |a BIBEDU |b BIBEDU |c ES_NOD |d 2019-11-21 |i 4098315 |o 371.914 DIS 1998 |p 4098315 |r 2023-08-09 |w 2019-11-21 |y BK |k EDI | ||
| 952 | |0 0 |1 0 |4 0 |6 371_914000000000000_DIS_1998 |7 0 |8 A |9 382088 |a BIBEDU |b BIBEDU |c ES_NOD |d 2019-11-21 |i 4098323 |o 371.914 DIS 1998 |p 4098323 |r 2023-08-09 |w 2019-11-21 |y BK |k EDI | ||